header

Advances in parasitology. (Record no. 250962)

MARC details
000 -LEADER
fixed length control field 01337cam a2200373Ia 4500
001 - CONTROL NUMBER
control field 10829260
003 - CONTROL NUMBER IDENTIFIER
control field OSt
005 - DATE AND TIME OF LATEST TRANSACTION
control field 20151103144238.0
006 - FIXED-LENGTH DATA ELEMENTS--ADDITIONAL MATERIAL CHARACTERISTICS--GENERAL INFORMATION
fixed length control field m d
007 - PHYSICAL DESCRIPTION FIXED FIELD--GENERAL INFORMATION
fixed length control field cr n
008 - FIXED-LENGTH DATA ELEMENTS--GENERAL INFORMATION
fixed length control field 990730s2000 enka sb 001 0 eng d
020 ## - INTERNATIONAL STANDARD BOOK NUMBER
International Standard Book Number 9780120317448
035 ## - SYSTEM CONTROL NUMBER
System control number (WaSeSS)ssj0000099080
040 ## - CATALOGING SOURCE
Original cataloging agency CaPaEBR
Transcribing agency CaPaEBR
Modifying agency WaSeSS
050 #4 - LIBRARY OF CONGRESS CALL NUMBER
Classification number QR251
Item number .A3844 2000eb
210 10 - ABBREVIATED TITLE
Abbreviated title Advances in parasitology.
245 00 - TITLE STATEMENT
Title Advances in parasitology.
Number of part/section of a work Volume 44
Medium [electronic resource] /
Statement of responsibility, etc edited by J.R. Baker and R. Muller and D. Rollinson.
260 ## - PUBLICATION, DISTRIBUTION, ETC. (IMPRINT)
Place of publication, distribution, etc London ;
-- New York :
Name of publisher, distributor, etc Academic Press,
Date of publication, distribution, etc 2000.
490 1# - SERIES STATEMENT
Series statement Advances in parasitology ;
Volume number/sequential designation 44
504 ## - BIBLIOGRAPHY, ETC. NOTE
Bibliography, etc Includes bibliographies and index.
506 ## - RESTRICTIONS ON ACCESS NOTE
Terms governing access License restrictions may limit access.
650 #0 - SUBJECT ADDED ENTRY--TOPICAL TERM
Topical term or geographic name as entry element Protozoa, Pathogenic.
Topical term or geographic name as entry element Protozoan diseases.
655 #7 - INDEX TERM--GENRE/FORM
Genre/form data or focus term Electronic books.
Source of term local
700 1# - ADDED ENTRY--PERSONAL NAME
Personal name Muller, R.
Personal name Baker, J. R.
Personal name Rollinson, D.
710 2# - ADDED ENTRY--CORPORATE NAME
Corporate name or jurisdiction name as entry element ebrary, Inc.
773 #0 - HOST ITEM ENTRY
Title Book Series Backfile Package - Life Sciences [YBLSC]
830 #0 - SERIES ADDED ENTRY--UNIFORM TITLE
Uniform title Advances in parasitology ;
Volume number/sequential designation 44.
856 40 - ELECTRONIC LOCATION AND ACCESS
Uniform Resource Identifier <a href="http://www.columbia.edu/cgi-bin/cul/resolve?clio10829260">http://www.columbia.edu/cgi-bin/cul/resolve?clio10829260</a>
Public note Full text available from Book Series Backfile Package - Life Sciences [YBLSC]
910 ## - USER-OPTION DATA (OCLC)
User-option data Vendor-generated brief record
942 ## - ADDED ENTRY ELEMENTS (KOHA)
Source of classification or shelving scheme Library of Congress Classification
Koha item type Long Loan Books
Holdings
Withdrawn status Lost status Source of classification or shelving scheme Damaged status Not for loan Collection code Home library Current library Shelving location Date acquired Total Checkouts Full call number Barcode Date last seen Date checked out Price effective from Koha item type
    Library of Congress Classification     Non-fiction Rongo University Library Rongo University Library General Stacks 03/11/2015 3 QR251 .A3844 2000eb 20157280 16/07/2018 02/07/2018 03/11/2015 Long Loan Books

© 2026 Rongo University
Contact us: librarian | system librarian | Rongo university